| 000 | 00484nam a2200121Ia 4500 | ||
|---|---|---|---|
| 008 | 171212s9999 xx 000 0 und d | ||
| 020 | _a9780833093134 | ||
| 100 | _aMcLeod, Gary;Nacouzi, George;Dreyer, Paul;Eisman, Mel;Hura, Myron | ||
| 245 |
_cMcLeod, Gary;Nacouzi, George;Dreyer, Paul;Eisman, Mel;Hura, Myron _aEnhancing Space Resilience Through Non-Materiel Means |
||
| 260 |
_bRAND Corporation _c2016 |
||
| 650 | _aBusiness | ||
| 856 | _uhttp://jstor.org/stable/10.7249/j.ctt1btc13z | ||
| 999 |
_c352012 _d352012 |
||